Giun đũa và bệnh giun đũa ở Việt Nam

Αποθηκεύτηκε σε:
Λεπτομέρειες βιβλιογραφικής εγγραφής
Κύριος συγγραφέας: Đỗ Dương Thái
Μορφή: Βιβλίο
Γλώσσα:Undetermined
Έκδοση: Hà Nội Y học 1987
Θέματα:
Ετικέτες: Προσθήκη ετικέτας
Δεν υπάρχουν, Καταχωρήστε ετικέτα πρώτοι!
Thư viện lưu trữ: Trung tâm Học liệu Trường Đại học Cần Thơ
LEADER 00547nam a2200181Ia 4500
001 CTU_7850
008 210402s9999 xx 000 0 und d
082 |a 614.55 
082 |b Th103 
100 |a Đỗ Dương Thái 
245 0 |a Giun đũa và bệnh giun đũa ở Việt Nam 
245 0 |c Đỗ Dương Thái 
260 |a Hà Nội 
260 |b Y học 
260 |c 1987 
650 |a parasitology,public health 
904 |i Nguyễn Huỳnh Mai, 960906 
980 |a Trung tâm Học liệu Trường Đại học Cần Thơ